000 00948nam a2200277 a 4500
001 21967
003 BD-RjUL
005 20211209000742.0
008 180917r19671911us 000 0 eng d
035 _a(BD-RjUL)22032
040 _aTLM
_cTLM
_dEQO
_dBD-RjUL
_beng
041 _aeng
082 _bDEP 1967
_223
_a194
100 1 _aDescartes, René
_9222662
245 1 4 _aThe philosophical works of Descartes :
_brendered into English /
_cby René Descartes; Elizabeth S. Haldane and G. R. T. Ross
260 _aCambridge :
_bUniversity Press,
_c1911 [Reprinted, with corrections 1967]
300 _a2 v. :
_bIll. ;
_c23 cm
500 _a"In Two Volumes"
600 _aDescartes, René,
_d1596-1650
_9222669
650 _aPhilosophy, French
_9222664
650 _aRationalism
_9222665
650 _aMetaphysics
_9222666
700 _a Haldane, Elizabeth S. , tr.
_9222667
700 _aRoss, G. R. T. , jt. tr.
_9222668
942 _2ddc
_cRAR
999 _c21967
_d21967